Ładuje się......

Agricultural Planning and co-operatives

Opis bibliograficzny
1. autor: RN Tewari
Format: Printed Book
Język:Undetermined
Wydane: Delhi 1972
Sultan Chand & Sons
Hasła przedmiotowe:
LEADER 00594nam a2200217Ia 4500
008 141122s9999 xx 000 0 und d
040 |c . 
041 |a English 
082 |a 332.71 
082 |b TEW/AG 
100 |a RN Tewari 
245 |a Agricultural Planning and co-operatives 
245 |c RN Tewari 
260 |b Delhi 
260 |b Sultan Chand & Sons 
260 |c 1972 
300 |a 100 Pages 
650 |a Extension 
942 |c BK 
999 |c 14985  |d 14985 
952 |0 0  |1 0  |4 0  |6 332_710000000000000_TEWAG  |7 0  |9 14752  |a COVAS  |b COVAS  |d 0000-00-00  |o 332.71 TEW/AG  |p 6808  |r 2014-11-26  |w 2014-11-26  |y BK